MDQL
is popping MORE tags! Check the
thread
!
Quizzes
Events
Quiz Creation
Community
Videos
Private Events
Remove Ads
Sign In
Join for FREE
Feedback
Dark Mode
Quiz Categories
Sports
Geography
Music
Movies
Television
Just For Fun
Miscellaneous
History
Literature
Language
Science
Gaming
Entertainment
Religion
Holiday
For Kids
Quiz Lab
Recent
Popular Today
Quiz Kudos Today
Editor Picks
Curator Picks
Quizzes by...
Day
Popularity
Type
Ratings
Length
Year
Community
Subscriptions
Recent Discussions
Orange Saloon
Badges
Playlists
Quests
Create
Leaderboards
Showdown
Live 5
Trivia Bingo
Activity
Puzzle Library
Sporcle Events
Private Events
Virtual Trivia
Globe League
Become a Host
Pub Owners
SporcleCon
Opinionation
Our Games
Videos
Blog
Mobile Apps
Partnerships
Remove Ads and Go Orange
Feedback
Gaming
Video Games
Board Games
Card Games
Pokémon
Mario
Nintendo
Minecraft
Console
Toys
Legend of Zelda
Gaming
Video Games
Board Games
Card Games
Pokémon
Mario
Nintendo
Minecraft
Console
Toys
Legend of Zelda
Random Quiz
Search Sporcle
×
Quiz Lab
Quiz Lab
Gaming
Video
Type in answers that appear in a list
Type in answers that appear in a list
Classic
Best Score? Go Orange.
Ace Attorney Characters Stats
Can you name the characters from the 'Ace Attorney' video game series?
By
Tats
5m
30 Questions
6,804 Plays
6,804 Plays
6,804 Plays
Comments
Comments
Give Quiz Kudos
Give Quiz Kudos
-
- Ratings
hide this ad
Replay
Link that replays current quiz
Next Quiz
Link to next quiz in quiz playlist
You Got
0%
They Got
Avg Score
81%
Avg Friend Score
Upgrade to see
Score Distribution
Jump to the score distribution portion of the page
Score
0/30
Timer
05:00
1
Play Today
Description
Character
% Correct
Sidekick and shape-
shifting spirit medium; 'Steel Samurai' enthusiast
Maya Fey
99.3%
'Objection'able protagonist of the first three games
Phoenix Wright
98.6%
Bumbling but good-
hearted betrenchcoated detective
Dick Gumshoe
98.4%
'Deceased' boss who still shows up every now and again to say 'hi'
Mia Fey
98.4%
Icy prosecutor and star of his own spin-
off game series
Miles Edgeworth
98.1%
Tiny medium-
in-
training with a heart as big as her forehead
Pearl Fey
97.3%
Clueless and easily-
swayed arbiter of the courtroom
The Judge
95.8%
Fourth-
game protagonist who boasts 'Chords of Steel'
Apollo Justice
95.1%
Visor-
wearing defense attorney turned prosecutor; noted coffee consumer
Godot
93.2%
Junior magician with a lot of things in her panties... even the truth
Trucy Wright
92.3%
Whip-
wielding wunderkind prosecutor and daughter of the above
Franziska von Karma
92%
When something smells, it's usually this womanizer and would-
be artist
Larry Butz
91.6%
Taser-
wielding Teutonic terror with an undefeated record in the courtroom
Manfred von Karma
91.6%
Wannabe forensic investigator and Snackoo enthusiast
Ema Skye
90%
So-
called 'rookie killing' prosecutor who doesn't do well under pressure (or in general)
Winston Payne
88.8%
Description
Character
% Correct
Lead singer of 'the Gavinners' with a taste for using chains in his decor
Klavier Gavin
85.4%
Security expert of a certain age with a mouth as dangerous as her ray gun
Wendy Oldbag
79.2%
Flamboyant Chief of Police who's always up for a trip to the pool
Damon Gant
77.1%
Master thief (in training) and daughter of the original Yatagarasu
Kay Faraday
76.7%
Disgraced former defense attorney with the world's most opulant solitary prison cell
Kristoph Gavin
76.1%
The man behind 'The Steel Samurai' with a face only a mother could love
Will Powers
75.8%
Deceptive villainess whose sweet appearance disguises her sociopathic tendencies
Dahlia Hawthorne
75.6%
Tabloid photographer from the heartland with a big attitude and bigger hair
Lotta Hart
75%
Two-
faced star of 'The Nickel Samurai' who is refreshing like a spring breeze
Matt Engarde
73.1%
Police officer turned waitress and 'Goddess of Misfortune'
Maggey Byrde
67.1%
Defense attorney, blackmail victim, hemmhoroid sufferer and vivid recaller of lemons
Marvin Grossberg
64.8%
Wolfen Interpol agent with a hate-
on for prosecutors
Shi-Long Lang
64.4%
Visually-
impaired Borginian songbird and former magician's assistant
Lamiroir
49.4%
Duplicitous defense attorney who doesn't take herself (or anything else) very seriously
Calisto Yew
45.9%
Allebahstian ambassador whose amiable act hides something sinister
Quercus Alba
43.7%
Quiz Playlist
Details
Report
Send in Message
Add To Playlist
Classic:
Type in answers that appear in a list
Last Updated: Feb 16, 2017
Quiz Scoreboard
CHALLENGE
Sign Up to Join the Scoreboard
Show All
Scores
Hide
Comments
May contain spoilers
Recently Published
Holiday 10x10 Sorting Gallery
by lukepisani3
Holiday
15m
Two Season TV Shows II
by 123Four
Television
10m
Image Sorting: Flags VI
by Barbecue
Geography
2m
More to Explore
Quiz From the Vault
Featured Blog Post
14 Easter Pick-up Lines to Find Eggs With
hide this ad
You Might Also Like...
Tags
Ace
Ace Attorney
Attorney
Character
description
Video
Today's Top Quizzes in Gaming
Browse Gaming
hide this ad
Today's Top Quizzes in Video
Browse Video
Top Contributed Quizzes in Gaming
1
League of Legends Pro Players by Career/Team History
2
Destiny 2 exotic weapons by perk icons
3
Genshin Impact Logic Puzzle
4
Genshin Impact Logic Puzzle Quiz
5
Ultimate Genshin Impact Logic Puzzle (up to 4.3)
6
4x4 Decades: Video Games
7
Genshin murder mystery
8
Who's on the WWE 2K24 Cover?
9
Dead By Daylight Logic Puzzle
10
Image Sorting: Video Game Characters II
Explore More
Trending Topics
Kpop
Marvel
Anime
Crossword
Disney
NBA
Harry Potter
NFL
Soccer
Pokémon
The Office
WWE
Country
Puzzle
Song
hide this ad
More By:
Tats
Quiz
Plays
Rating
Category
Featured
Created
One Name Singers (A-Z)
140,906
2.75
Music
Jan 14, 2010
Celebrity by Scandal
129,762
3.86
Entertainment
Aug 13, 2010
American Idol Judges
55,950
4.04
Television
Nov 17, 2010
Celebrity Authors by Books
51,135
3.61
Literature
Oct 6, 2009
Actors in TV & Film II
20,657
4.35
Entertainment
Nov 1, 2009
Go to Creator's Profile
Score Distribution
Quiz Creator Spotlight
Tats
Follow
Send a Message
Quizzes Created
-
Created Quiz Play Count
-
More By This Creator
Popular Quizzes Today
1
Find the US States - No Outlines Minefield
2
Colored Red Africa Blitz
3
Find the 'City' Movie
4
The Countries of the World
5
Find the US States
6
5x2 Blitz: Bands
7
Find the Countries of Europe - No Outlines Minefield
8
US States
More Gaming Quizzes
Overwatch: D.Va Skins (Quick Pick)
Quiz Lab
Trending Quizzes
Colored Red Europe Blitz I
Colored Red Europe Blitz II
Colored Red Africa Blitz II
Colored Red Africa Blitz III
Colored Red Europe Blitz III
Recently Updated
Odd Team Out - Big 4 Players
pecheneg
Quick Pick: 20 Twenties
pecheneg
March Madness Men's Triple Doubles
pecheneg
How Do You Spell That?
pecheneg
Godzilla Movies
pecheneg
Grab Bag: 4-10 Letters
pecheneg
2024 March Madness Bracket
pecheneg
Famous TV Couples
Peacemaker
Champions League XIs: Real Madrid
pecheneg
Largest US Cities 1790-2010
pecheneg
Trending Topics
Anime
Marvel
Harry Potter
Disney
Kpop
NBA
Crossword
NFL
Song
Pokémon
WWE
Puzzle
Country
Soccer
The Office
Your Account Isn't Verified!
In order to create a playlist on Sporcle, you need to verify the email address you used during registration. Go to your
Sporcle Settings
to finish the process.
Report this User
Report this user for behavior that violates our
Community Guidelines
.
Details:
Send Report
Go to the Sporcle.com Mobile Site →
Comments